| 000 | 00447nam a2200157Ia 4500 | ||
|---|---|---|---|
| 008 | 160316s2011 xxu||||| |||| 00| 0 eng d | ||
| 082 |
_a305.230000 _bLAK |
||
| 100 | _aLakshmi A. Aruna Sri | ||
| 245 | _aThe legal status of girl child - reality or a myth | ||
| 250 | _a | ||
| 260 |
_aTirupati _bDept. of Law Sri. Padmavathi Mahila Visvavidyalaya _c2011 |
||
| 300 |
_a19 _b _c |
||
| 365 | _b | ||
| 650 | _aLegal status, girl chiild | ||
| 700 |
_a _a |
||
| 999 |
_c36137 _d36137 |
||